Favoriti tentoraz bez straty setu extraliga volejbalistiek - druhé zápasy štvrťfinále play-off

Bibliographic Details
Format: Article
Language:Slovak
PhysicalDescription:Fotogr., tab.
ISSN:0139-7001
Subjects:

MARC

LEADER 00000nab a2200000 ar4500
001 vtls010073659
003 SK-MaSNL
005 20260303192601.0
008 100310c20100304xo dr|n|||||||000 b|slo
015 |a SNBRB2010/03  |2 snkbucl 
038 |a SNKBUCL 
040 |a SNKBUCL  |b slo  |c SNKBUCL  |e AACR2 
041 0 |a slo 
044 |a xo  |c SK 
080 |a 796.325.093.1  |2 2001 
245 0 0 |a Favoriti tentoraz bez straty setu  |b extraliga volejbalistiek - druhé zápasy štvrťfinále play-off 
300 |b Fotogr., tab. 
648 7 |a sezóna 2009/2010  |2 snkbucl  |9 1034617 
650 0 7 |a volejbal  |2 snkbucl  |9 3294 
650 0 7 |a ženy  |2 snkbucl  |9 4865 
650 0 7 |a štvrťfinále play-off  |2 snkbucl  |9 1033439 
650 0 7 |a druhé zápasy  |2 snkbucl  |9 1034631 
773 0 |t Šport  |g Roč. 64, č. 52 (4.3.2010), s. 29  |x 0139-7001 
852 |a SNK  |b KIS3GCP 
999 |c 2147196  |d 2149126